| 000 | 00762nam a2200229Ia 4500 | ||
|---|---|---|---|
| 003 | OSt | ||
| 005 | 20220926021115.0 | ||
| 006 | a|||||r|||| 00| 0 | ||
| 007 | ta | ||
| 008 | 220923b |||||||| |||| 00| 0 eng d | ||
| 037 | _cGeneral Book | ||
| 040 |
_aRTL _cRTL _beng |
||
| 041 |
_2eng _aeng |
||
| 082 | _aV1N45 , 93 : 8 . N67, K7/UN | ||
| 110 |
_aUNITED NATION , GENERAL ASSEMBLY _9311650 |
||
| 245 | 0 |
_aIntroduction to the annual report of the secretary - general on the Organization _b 16th june 1966 -15 july 1967 . |
|
| 260 |
_aNew York _bU . N _c1967 |
||
| 300 |
_a21p _ccm. |
||
| 700 |
_aUNITED NATION , GENERAL ASSEMBLY _9311651 |
||
| 942 |
_hV1N45 , 93 : 8 . N67, K7/UN _cGB _2CC |
||
| 999 |
_c635782 _d635782 |
||